000 00455nam a2200169 i 4500
001 104503
003 ES-MaACL
005 20230906183624.0
007 t|
008 051130s1969 sp ||||1| spa d
100 1 _aMiller, Walter M.
_981233
245 1 0 _aCántico a San Leibowitz /
_cWalter M. Miller, jr.
250 _a[1ª ed.].
260 _aBarcelona :
_bBruguera,
_c1969.
300 _a333 p. ;
_c21 cm.
852 _aES-MaACL
_jC-38679
_bR.71504
999 _c104503
_d104503